Monograph & iconograph of native British Orchidace /

Bibliographic Details
Main Author: Godfery, Masters John
Other Authors: Godfery, Hilda Margaret
Format: Book
Language:English
Published: Cambridge [England] : University press, 1933.
Subjects:

MARC

Tag First Indicator Second Indicator Subfields
LEADER 00000cam a2200000 4500
001 in00000046464
005 20151007073220.0
008 771209s1933 enkacf b 00010 engmc
010 |a agr33000471  
035 |a (OCoLC)03476673 
035 |9 AAE9334AM 
040 |a Library, U. S. Dept. of Agriculture  |c DRB  |d DRB  |d TXA  |d UtOrBLW 
049 |a TXAM  |c [137610] 
090 |a QK495.O64  |b G6 1933 
092 |a 584.15  |b G583m 
100 1 |a Godfery, Masters John. 
245 1 0 |a Monograph & iconograph of native British Orchidace /  |c by Colonel M. J. Godfery, F.L.S. With fifty-seven coloured plates from water-colour drawings of living plants by Hilda M. Godfery. 
264 1 |a Cambridge [England] :  |b University press,  |c 1933. 
300 |a xiv, 2 unnumbered pages, 259 pages :  |b color frontispiece, illustrations, plates (part color) portrait, diagram ;  |c 33 cm. 
336 |a text  |b txt  |2 rdacontent 
337 |a unmediated  |b n  |2 rdamedia 
338 |a volume  |b nc  |2 rdacarrier 
504 |a "References": pages [245]-248. 
650 0 |a Botany  |z Great Britain. 
650 0 |a Orchids. 
700 1 |a Godfery, Hilda Margaret. 
740 0 |a British orchidaceae. 
999 |a MARS 
999 f f |s 3e2c4d73-9701-3710-8124-5afbbadee862  |i 11654f93-8d06-3c1b-a694-969f70610c41  |t 0 
952 f f |p ric  |a Texas A&M University  |b Rellis Campus  |c Joint Library Facility  |d Remote Storage  |t 0  |e QK495.O64 G6 1933  |h Library of Congress classification  |i unmediated -- volume  |m A14800996525 
998 f f |a QK495.O64 G6 1933  |t 0  |l Remote Storage